<?xml version="1.0" encoding="UTF-8"?>
<record
    xmlns:xsi="http://www.w3.org/2001/XMLSchema-instance"
    xsi:schemaLocation="http://www.loc.gov/MARC21/slim http://www.loc.gov/standards/marcxml/schema/MARC21slim.xsd"
    xmlns="http://www.loc.gov/MARC21/slim">

  <leader>04743nam a2200445 a 4500</leader>
  <controlfield tag="001">dia_720</controlfield>
  <controlfield tag="003">CHAP</controlfield>
  <controlfield tag="005">20250826121012.0</controlfield>
  <controlfield tag="007">ta</controlfield>
  <controlfield tag="008">220117s1998    mx ad  frm    001 0 spa d</controlfield>
  <datafield tag="010" ind1=" " ind2=" ">
    <subfield code="a">171269</subfield>
  </datafield>
  <datafield tag="040" ind1=" " ind2=" ">
    <subfield code="a">mxchpua</subfield>
    <subfield code="c">CHAP</subfield>
  </datafield>
  <datafield tag="041" ind1="0" ind2=" ">
    <subfield code="a">spa</subfield>
    <subfield code="b">eng</subfield>
  </datafield>
  <datafield tag="090" ind1=" " ind2=" ">
    <subfield code="a">Tesis</subfield>
    <subfield code="b">P47</subfield>
    <subfield code="c">1998</subfield>
  </datafield>
  <datafield tag="100" ind1="1" ind2=" ">
    <subfield code="a">P&#xE9;rez de la Rosa, Patricia</subfield>
  </datafield>
  <datafield tag="240" ind1="1" ind2="0">
    <subfield code="a">Elaboration of oaxaca cheese, for indirect ripening of milk.</subfield>
    <subfield code="l">Espa&#xF1;ol</subfield>
  </datafield>
  <datafield tag="245" ind1="1" ind2="0">
    <subfield code="a">Elaboraci&#xF3;n de queso tipo oaxaca, por maduracion Indirectamente de la leche /</subfield>
    <subfield code="c">Patricia P&#xE9;rez de la Rosa</subfield>
  </datafield>
  <datafield tag="264" ind1=" " ind2=" ">
    <subfield code="a">Chapingo, M&#xE9;xico :</subfield>
    <subfield code="b">El autor,</subfield>
    <subfield code="c">1998</subfield>
  </datafield>
  <datafield tag="300" ind1=" " ind2=" ">
    <subfield code="a">iv, 63 hojas : </subfield>
    <subfield code="b">ilustraciones, tablas, gr&#xE1;ficas</subfield>
  </datafield>
  <datafield tag="336" ind1=" " ind2=" ">
    <subfield code="2">rdacontent</subfield>
    <subfield code="a">texto</subfield>
    <subfield code="b">txt</subfield>
  </datafield>
  <datafield tag="337" ind1=" " ind2=" ">
    <subfield code="2">rdamedia</subfield>
    <subfield code="a">no mediado</subfield>
    <subfield code="b">n</subfield>
  </datafield>
  <datafield tag="338" ind1=" " ind2=" ">
    <subfield code="2">rdacarrier</subfield>
    <subfield code="a">volumen</subfield>
    <subfield code="b">nc</subfield>
  </datafield>
  <datafield tag="502" ind1=" " ind2=" ">
    <subfield code="a">Tesis</subfield>
    <subfield code="b">(Ingeniero Agroindustrial) --</subfield>
    <subfield code="c">UACh. Departamento de Ingenier&#xED;a Agroindustrial,</subfield>
    <subfield code="d">1998</subfield>
  </datafield>
  <datafield tag="504" ind1=" " ind2=" ">
    <subfield code="a">Bibliograf&#xED;a: hojas 48-49</subfield>
  </datafield>
  <datafield tag="520" ind1="3" ind2=" ">
    <subfield code="a">En el presente trabajo se evalu&#xF3; la conveniencia de elaborar queso tipo Oaxaca con leche pasteurizada y maduraci&#xF3;n indirecta, en comparaci&#xF3;n con la de elaborarlo con leche cruda. Se utilizaron los siguientes cultivos liofilizados de inoculacion directa, de marca comercial EZAL: Streptococcus lactis y Streptococcus cremoris; Streptococcus lactis, Streptococcus cremoris y Streptococcus diacetylactis; y, Streptococcus lactis, Streptococcus cremoris, Streptococcus diacetylactis y Streptococcus thermophilus. Se obtuvieron en total 12 unidades experimentales, organizadas en un dise&#xF1;o experimental de bloques balanceados incompletos; a cada unidad se le realiz&#xF3; an&#xE1;lisis de humedad, prote&#xED;na, grasa, cenizas, acidez y &#xE1;rea de fundido. Los resultados se analizaron mediante un ANOVA, encontr&#xE1;ndose que, a un nivel de significancia &#x3B1; = 0.05, no existe diferencia significativa entre ninguno de los tratamientos. Adem&#xE1;s, los cuatro patrones de queso se sometieron a una prueba de diferencia contra testigo , en donde participaron 35 personas que evaluaron el nivel de diferencia entre el patr&#xF3;n elaborado con leche cruda y cada uno de los patrones elaborados con leche pasteurizada y los microorganismos; por medio de un ANOVA y una comparaci&#xF3;n de medias esta prueba mostr&#xF3; que a un nivel de significancia a-0.05, existe diferencia significativa entre el queso elaborado con leche cruda y los quesos elaborados con leche pasteurizada y los cultivos liofilizados; el queso elaborado con leche pasteurizada y los microorganismos Streptococcus lactis y Streptococcus cremoris posee mayor semejanza con el queso elaborado de leche cruda.</subfield>
  </datafield>
  <datafield tag="520" ind1="3" ind2=" ">
    <subfield code="a">In this investment was evaluated the convenience of made Oaxaca cheese with pasteurized milk and indirect ripening of milk in comparison to made it with raw milk. The following lyophilized culture of direct inoculation of commercial brand EZAI Streptococcus lactis and Streptococcus cremoris; Streptococcus lactis, Streptococcus cremoris and Streptococcus diacetilactis; and Streptococcus cremoris, Streptococcus diacetilactis and Streptococcus thermophilus. Twelve experimental units were obtained in total organized in an experimental design of incomplete balanced blocks; moisture, protein, fat, ashes, acidity and melting area analysis were made to each unit. The results were analyzed through an ANOVA, finding that, a significant level at &#x3B1;=0.05 there is not significant difference between any of the treatments. Besides, the four cheese paterns were sobmited to a difference from control test, where thirty-five people partook and they evaluated the level of difference between the elaborated patern with raw milk and each of the elaborated paterns with pasteurized milk and the micoorganisms; through an ANOVA and a comparison of media, this test showed that a significant level at &#x3B1;=0.05, there are. significant difference between the cheese elaborated with raw milk and cheese elaborated with pasteurized milk and the lyophilized cultures; the cheese elaborated with pasteurized milkand the microorganisms Streptococcus lactis and Streptococcus cremoris wich possesses the most resemblance with the cheese elaborated with raw milk</subfield>
  </datafield>
  <datafield tag="650" ind1="1" ind2="3">
    <subfield code="a">Quesos</subfield>
    <subfield code="2">atg</subfield>
  </datafield>
  <datafield tag="650" ind1="1" ind2="3">
    <subfield code="a">Fabricaci&#xF3;n de queso</subfield>
    <subfield code="2">atg</subfield>
  </datafield>
  <datafield tag="650" ind1="1" ind2="3">
    <subfield code="a">Fabricaci&#xF3;n de queso</subfield>
    <subfield code="2">atg</subfield>
  </datafield>
  <datafield tag="650" ind1="1" ind2="3">
    <subfield code="a">Cheeses  </subfield>
    <subfield code="2">atg</subfield>
  </datafield>
  <datafield tag="650" ind1="1" ind2="3">
    <subfield code="a">Cheesemaking</subfield>
    <subfield code="2">atg</subfield>
  </datafield>
  <datafield tag="650" ind1="1" ind2="3">
    <subfield code="a">Cheese ripening  </subfield>
    <subfield code="2">atg</subfield>
  </datafield>
  <datafield tag="700" ind1="1" ind2=" ">
    <subfield code="a">Santos Moreno, Armando</subfield>
    <subfield code="e">director</subfield>
  </datafield>
  <datafield tag="700" ind1="1" ind2=" ">
    <subfield code="a">C&#xF3;rdoba &#xC1;ngeles, Rosa Mar&#xED;a</subfield>
    <subfield code="e">asesora</subfield>
  </datafield>
  <datafield tag="700" ind1="1" ind2=" ">
    <subfield code="a">Villegas de Gante, Abraham Zacarias</subfield>
    <subfield code="e">asesor</subfield>
  </datafield>
  <datafield tag="901" ind1=" " ind2=" ">
    <subfield code="a">TESIS P47 1998</subfield>
  </datafield>
  <datafield tag="902" ind1=" " ind2=" ">
    <subfield code="a">M</subfield>
  </datafield>
  <datafield tag="905" ind1=" " ind2=" ">
    <subfield code="a">0000001998                          mx     0000000000spa00</subfield>
  </datafield>
  <datafield tag="942" ind1=" " ind2=" ">
    <subfield code="c">TESIS</subfield>
    <subfield code="2">Clasificaci&#xF3;n Universidad Aut&#xF3;noma Chapingo</subfield>
  </datafield>
  <datafield tag="999" ind1=" " ind2=" ">
    <subfield code="c">171269</subfield>
    <subfield code="d">171269</subfield>
  </datafield>
  <datafield tag="952" ind1=" " ind2=" ">
    <subfield code="0">0</subfield>
    <subfield code="1">0</subfield>
    <subfield code="2">local</subfield>
    <subfield code="4">0</subfield>
    <subfield code="5">1</subfield>
    <subfield code="7">0</subfield>
    <subfield code="8">TESIS</subfield>
    <subfield code="a">IA_</subfield>
    <subfield code="b">IA_</subfield>
    <subfield code="d">2025-08-26</subfield>
    <subfield code="e">El autor</subfield>
    <subfield code="l">0</subfield>
    <subfield code="o">Tesis P47 1998</subfield>
    <subfield code="p">1101015873</subfield>
    <subfield code="r">2026-02-02 00:00:00</subfield>
    <subfield code="t">Ej.1</subfield>
    <subfield code="w">2025-08-26</subfield>
    <subfield code="y">TESIS</subfield>
  </datafield>
  <datafield tag="952" ind1=" " ind2=" ">
    <subfield code="0">0</subfield>
    <subfield code="1">0</subfield>
    <subfield code="2">local</subfield>
    <subfield code="4">0</subfield>
    <subfield code="5">5</subfield>
    <subfield code="7">0</subfield>
    <subfield code="8">TESIS</subfield>
    <subfield code="a">IA_</subfield>
    <subfield code="b">IA_</subfield>
    <subfield code="d">2025-08-26</subfield>
    <subfield code="e">El autor</subfield>
    <subfield code="l">0</subfield>
    <subfield code="o">Tesis P47 1998</subfield>
    <subfield code="p">1101015874</subfield>
    <subfield code="r">2026-02-02 00:00:00</subfield>
    <subfield code="t">Ej.2</subfield>
    <subfield code="w">2025-08-26</subfield>
    <subfield code="y">TESIS</subfield>
  </datafield>
</record>
